Music Quiz

Random Music or Bands Quiz
Score 0/30 Timer 08:00
0 Plays Today
% Correct
Shakira
86.3%
Rihanna
83.9%
John Lennon
75.2%
Carlos Santana
74.5%
Gloria Estefan
73.3%
Dr Dre
72%
Alanis Morissette
72%
Dolly Parton
71.4%
Lady Gaga
71.4%
Michael Jackson
70.8%
Elvis Presley
65.8%
Freddie Mercury
61.5%
Will Smith
61.5%
Beyonce
61.5%
Bruce Springsteen
59.6%
% Correct
Louis Armstrong
58.4%
Adele
56.5%
Prince
55.3%
Jack White
53.4%
Van Morrison
52.8%
Mick Jagger
52.2%
Mel B
50.9%
Tom Jones
49.1%
Gene Simmons
47.2%
Leonard Cohen
45.3%
Michael Stipe
43.5%
Eric Clapton
42.9%
Cliff Richard
37.9%
Tommy Lee
31.1%
Joe Strummer
29.2%
Remove Ads.
Support Sporcle.
Get the best of Sporcle when you Go Orange. This ad-free experience offers more features, more stats, and more fun while also helping to support Sporcle. Thank you for becoming a member.

You're not logged in!

Compare scores with friends on all Sporcle quizzes.
OR
Log In

Show Comments

Extras

Top Quizzes Today


Score Distribution

Your Account Isn't Verified!

In order to create a playlist on Sporcle, you need to verify the email address you used during registration. Go to your Sporcle Settings to finish the process.

Report this User

Report this user for behavior that violates our Community Guidelines.

Details: